000 00592cam a2200145 4500500
005 20251228052419.0
041 _afre
042 _adc
100 1 0 _aStrandsbjerg, Camilla
_eauthor
245 0 0 _aBANEGAS, Richard. — La démocratie à pas de caméléon. Transition et imaginaires politiques au Bénin. Paris, Karthala, 2003, 494 p.
260 _c2005.
500 _a46
786 0 _nCahiers d'études africaines | 178 | 2 | 2005-06-01 | p. 585a-620a | 0008-0055
856 4 1 _uhttps://shs.cairn.info/revue-cahiers-d-etudes-africaines-2005-2-page-585a?lang=fr&redirect-ssocas=7080
999 _c1583497
_d1583497